000 01511nam0a22003011 4500
001 RU\NLR\BIBL_A\016216568
005 20260407091012.0
035 _a(NLR Aleph) 016216568
090 _a12724313
_c12724313
100 _a19971013d1775 u y0rusy50 ca
101 1 _arus
_cger
102 _aRU
200 1 _aНаука счастливым быть,
_fпереведена с немецкаго на российской язык Сергеем Волчковым
210 _aВ Санктпетербурге
_cпри Императорской Академии наук
_d1775
215 _a[4], 352 с.
_d12°
300 _aИмеется два изд. с одинаковыми вых. дан. и паг. Отличаются набором и оформлением. Отличительные признаки настоящего (1-го) изд.: на тит. л. виньетка с изобр. амура, на с.1 кустод: "только", на с.352 цветочная виньетка
300 _aТираж: 600 экз.
321 1 _aСК XVIII 4501
620 _dСанкт-Петербург
702 1 _4730
_7ca
_8rus
_aВолчков
_bС. С.
_f1707-ок.1775
_gСергей Саввич
_9160134
_3RU\NLR\AUTH\770160175
712 0 2 _4610
_aАкадемическая типография
_cПетербург
_3RU\NLR\AUTH\8815379
_9303965
801 0 _aRU
_bNLR
_c19971013
899 _aРГБ
899 _aБАН
942 _cBOOK
980 _aNB
980 _aA1XVIIIv